000 00758cam a2200217 a 4500
001 000010221
005 20200929161913.0
008 790912s1977 pr a 000 p spa
040 _aDO-SdBNP
_bspa
_cLC
_dBNPHU
082 _aPR861.44
_bP625ó
100 1 _aPietri, Pedro,
_d1944-
_925218
245 1 0 _aObituario puertorriqueño /
_cPedro Pietri.
260 _aSan Juan, Puerto Rico :
_bInstituto de Cultura Puertorriqueña,
_eBarcelona :
_fArtes Gráficas Medinacell,
_c1977.
300 _a139 p. :
_bil. ;
_c18 cm.
490 1 _aLiteratura hoy,
_vII/7
650 4 _aPoesía puertorriqueña
_91015
651 4 _aLiteratura Puertorriqueña
_ySIGLO XX
_925219
830 0 _aLiteratura hoy,
_vII/7
_914086
910 _aCatalogación por copia / LC
049 _aBNGR
999 _c9980
_d9980